Orientaçao para pais de crianças cegas em idade préescolar
Gorde:
| Egile nagusia: | |
|---|---|
| Formatua: | Liburua |
| Hizkuntza: | gaztelania |
| Argitaratua: |
Alfenas
Universidade de Alfenas
1997
|
| Gaiak: | |
| Etiketak: |
Etiketa erantsi
Etiketarik gabe, Izan zaitez lehena erregistro honi etiketa jartzen!
|
MARC
| LEADER | 00000nam a2200000 a 4500 | ||
|---|---|---|---|
| 001 | UCQ5112 | ||
| 003 | CL-VaPUC | ||
| 008 | 980925e19970000BL |||||||||||||||||spa|d | ||
| 082 | 0 | 4 | |a 371.911 |b FER |2 21 |
| 100 | 0 | |a Fernandes Maciel, Sylas |e author |9 419272 | |
| 245 | 1 | 0 | |a Orientaçao para pais de crianças cegas em idade préescolar |
| 300 | |a 68 p | ||
| 942 | |c BK | ||
| 945 | |d 19980925 00:00:00 |a mvenant | ||
| 260 | |a Alfenas |b Universidade de Alfenas |c 1997 | ||
| 650 | 7 | |a NIÑOS CIEGOS |2 CL-VaPUC |9 419273 | |
| 650 | 7 | |a NIÑOS IMPEDIOS FISICAMENTE |2 CL-VaPUC |9 419274 | |
| 650 | 7 | |a CIEGOS |2 CL-VaPUC |9 309876 | |
| 650 | 0 | |a Educación especial |9 307486 | |
| 583 | |a last modification |c 19980925 00:00:00 |k Rodrigo Vera | ||
| 999 | |c 275331 |d 275329 | ||
| 952 | |0 0 |1 0 |4 0 |6 371_911000000000000_FER_1997 |7 0 |8 P |9 312053 |a BIBEDU |b BIBEDU |c BIBEDU_PB |d 2019-11-20 |i 3463079 |o 371.911 FER 1997 |p 3463079 |r 2024-01-25 |w 2019-11-20 |y BK |k BME | ||
| 952 | |0 0 |1 0 |4 0 |6 371_911000000000000_FER_1997 |7 0 |8 P |9 312054 |a BIBEDU |b BIBEDU |c BIBEDU_PB |d 2019-11-20 |i 3463087 |o 371.911 FER 1997 |p 3463087 |r 2024-01-25 |w 2019-11-20 |y BK |k BME | ||
| 952 | |0 0 |1 0 |4 0 |6 371_911000000000000_FER_1997 |7 0 |8 P |9 312055 |a BIBEDU |b BIBEDU |c BIBEDU_PB |d 2019-11-20 |i 3463095 |o 371.911 FER 1997 |p 3463095 |r 2024-01-25 |w 2019-11-20 |y BK |k BME | ||
| 952 | |0 0 |1 0 |4 0 |6 371_911000000000000_FER_1997 |7 0 |8 P |9 312056 |a BIBEDU |b BIBEDU |c BIBEDU_PB |d 2019-11-20 |i 3463109 |o 371.911 FER 1997 |p 3463109 |r 2024-01-25 |w 2019-11-20 |y BK |k BME | ||
| 952 | |0 0 |1 0 |4 0 |6 371_911000000000000_FER_1997 |7 0 |8 P |9 312057 |a BIBEDU |b BIBEDU |c BIBEDU_PB |d 2019-11-20 |i 3463117 |o 371.911 FER 1997 |p 3463117 |r 2024-01-25 |w 2019-11-20 |y BK |k BME | ||
| 952 | |0 0 |1 0 |4 0 |6 371_911000000000000_FER_1997 |7 0 |8 P |9 312058 |a BIBEDU |b BIBEDU |c BIBEDU_PB |d 2019-11-20 |i 3463125 |o 371.911 FER 1997 |p 3463125 |r 2024-01-25 |w 2019-11-20 |y BK |k BME | ||
| 952 | |0 0 |1 0 |4 0 |6 371_911000000000000_FER_1997 |7 0 |8 P |9 312059 |a BIBEDU |b BIBEDU |c BIBEDU_PB |d 2019-11-20 |i 3463133 |o 371.911 FER 1997 |p 3463133 |r 2024-01-25 |w 2019-11-20 |y BK |k BME | ||
| 952 | |0 0 |1 0 |4 0 |6 371_911000000000000_FER_1997 |7 0 |8 P |9 312060 |a BIBEDU |b BIBEDU |c BIBEDU_PB |d 2019-11-20 |i 3463141 |o 371.911 FER 1997 |p 3463141 |r 2024-01-25 |w 2019-11-20 |y BK |k BME | ||
| 952 | |0 0 |1 0 |4 0 |6 371_911000000000000_FER_1997 |7 0 |8 P |9 312061 |a BIBEDU |b BIBEDU |c BIBEDU_PB |d 2019-11-20 |i 346315K |o 371.911 FER 1997 |p 346315K |r 2024-01-25 |w 2019-11-20 |y BK |k BME | ||